Rast miezd predbieha produktivitu
Rozširovanie inovačnej schopnosti priemyslu zatiaľ dlhodobému tlaku na zvyšovanie konkurencieschopnosti nestačí. Slovenský sektor dodávateľov mení príchod nových a expanzia existujúcich dodávateľov pre Jaguár Land Rover, ako aj nadnárodné fúzie a akvizície.
Salvato in:
| Autore principale: | |
|---|---|
| Natura: | Capitolo di libro |
| Lingua: | slovacco |
| Soggetti: | |
| Tags: |
Nessun Tag, puoi essere il primo ad aggiungerne!!
|
MARC
| LEADER | 00000naa a2200000 4500 | ||
|---|---|---|---|
| 001 | 0237747 | ||
| 005 | 20221104112342.9 | ||
| 041 | 0 | |a slo | |
| 044 | |a SK | ||
| 245 | 1 | 0 | |a Rast miezd predbieha produktivitu |c František Hradský |
| 520 | |a Rozširovanie inovačnej schopnosti priemyslu zatiaľ dlhodobému tlaku na zvyšovanie konkurencieschopnosti nestačí. Slovenský sektor dodávateľov mení príchod nových a expanzia existujúcich dodávateľov pre Jaguár Land Rover, ako aj nadnárodné fúzie a akvizície. | ||
| 610 | 2 | 0 | |a produktivita práce |
| 610 | 2 | 0 | |a mzdy |
| 610 | 2 | 0 | |a dodávatelia |
| 610 | 2 | 0 | |a Slovensko |
| 610 | 2 | 0 | |a priemysel automobilový |
| 610 | 2 | 0 | |a stratégia inovačná |
| 610 | 2 | 0 | |a konkurencieschopnosť |
| 100 | 1 | |a Hradský, František | |